00678nam a22002177a 4500003000500000005001700005007000300022008004100025020001500066040000900081100002600090245010300116246005900219260003500278300001200313490002900325500003200354650002300386650003000409700002100439CDMR20131126132729.0ta131105b xxu||||| |||| 00| 0 eng d a0803880952 cCDMR aMerrill, John Calhoun aThe world's great dailiesb: profiles of fifty newspaperscby John C. Merrill and Harold A. Fisher aThe world's great dailiesb: profiles of 50 newspapers aNew YorkbHastings Housec1980 a372 p.  aCommunication Arts Books aInclou index i bibliografia04aDiarisxHistòria04aEmpreses periodístiques aHarold A. Fisher